| 000 | 00383nam a2200121Ia 4500 | ||
|---|---|---|---|
| 008 | 220216s9999 xx 000 0 und d | ||
| 100 | _aIpe C.V. | ||
| 245 | 3 | _aAn analysis of Indian natural rubber market | |
| 260 |
_bPlacrosym IX, 1990, Bangalore, India. Journal of Plantation Crops, 20 (Supplement): 414-416 _c1992 |
||
| 650 | _aMarketing | ||
| 650 | _aNatural rubber | ||
| 942 | _cBS | ||
| 999 |
_c49829 _d49829 |
||